Colleges of Super Bowl MVPs - Statistics

General Stats
  • This quiz has been taken 35 times
    6 since last reset
  • The average score is 27 of 40
Answer Stats
Super Bowl MVP(s) College % Correct
Jake Scott, Terrell Davis, Hines Ward Georgia
100%
Bart Starr, Joe Namath Alabama
83%
Nick Foles Arizona
83%
Aaron Rodgers California
83%
Fred Biletnikoff, Dexter Jackson Florida State
83%
Desmond Howard, Tom Brady Michigan
83%
Roger Staubach Navy
83%
Joe Montana Notre Dame
83%
Jalen Hurts Oklahoma
83%
Eli Manning Ole Miss
83%
Len Dawson, Drew Brees Purdue
83%
Jim Plunkett, John Elway Stanford
83%
Peyton Manning Tennessee
83%
Patrick Mahomes Texas Tech
83%
Troy Aikman UCLA
83%
Lynn Swann, Marcus Allen, Malcolm Smith USC
83%
Steve Young BYU
67%
Joe Flacco Delaware
67%
Cooper Kupp Eastern Washington
67%
Emmitt Smith Florida
67%
Doug Williams Grambling State
67%
Julian Edelman Kent State
67%
Terry Bradshaw Louisiana Tech
67%
Randy White Maryland
67%
Ottis Anderson, Ray Lewis Miami (FL)
67%
Kenneth Walker III Michigan State
67%
Jerry Rice Mississippi Valley State
67%
Phil Simms Morehead State
67%
Santonio Holmes Ohio State
67%
Franco Harris Penn State
67%
Von Miller Texas A&M
67%
Mark Rypien Washington State
67%
John Riggins Kansas
50%
Deion Branch Louisville
50%
Kurt Warner Northern Iowa
50%
Larry Csonka Syracuse
50%
Larry Brown TCU
33%
Richard Dent Tennessee State
33%
Chuck Howley West Virginia
17%
Harvey Martin East Texas State
0%
No matching quizzes found
Score Distribution
Percent of People with Each Score
Percentile by Number Answered
Your Score History
You have not taken this quiz since the last reset